|
|
|
|
| LEADER |
01113nam a22002657a 4500 |
| 001 |
35287 |
| 003 |
BD-DhAAL |
| 005 |
20211129143037.0 |
| 008 |
190909t2005 xxcab e i000 0 eng d |
| 999 |
|
|
|c 41180
|d 41180
|
| 020 |
|
|
|a 9291890189 (pbk.)
|
| 040 |
|
|
|a BD-DhAAL
|
| 082 |
|
|
|a 370.21
|2 22
|
| 245 |
|
|
|a Global education digest 2005 :
|b comparing education statistics across the world
|
| 260 |
|
|
|a Montreal, Canada :
|b UNESCO Institute for Statistics,
|c c 2005
|
| 300 |
|
|
|a 157 pages :
|b illustrations, maps ;
|c 28 cm.
|
| 526 |
|
|
|a BIED
|
| 541 |
|
|
|a Complimentary copy from BIED
|e 35287
|
| 650 |
|
|
|a Education
|x Statistics
|x Periodicals.
|9 34326
|
| 650 |
|
|
|a Comparative education
|x Statistics
|x Periodicals
|9 34327
|
| 650 |
|
|
|a Educational indicators
|x Periodicals
|9 34328
|
| 710 |
|
|
|a UNESCO Institute for Statistics
|9 34329
|
| 852 |
|
|
|a Ayesha Abed Library
|c BIED Collection
|
| 942 |
|
|
|2 ddc
|c BK
|
| 952 |
|
|
|0 0
|1 0
|2 ddc
|4 0
|6 370_210000000000000_GLO
|7 0
|9 66212
|a BRACUL
|b BRACUL
|c GEN
|d 2019-09-09
|e Complimentary copy from BIED
|l 0
|o 370.21 GLO
|p 3010035287
|r 2019-09-09
|t 1
|w 2019-09-09
|y BK
|x Transferred from BIED to General Stacks
|